000 01079nam a2200301 4500
001 178358
003 ES-MaACL
005 20250830111415.0
008 110525s2007 sp |||| |bspa d
020 _a978-84-9742-162-1
080 _a282:304.4
100 1 _aDonoso Cortés, Juan,
_d1809-1853
_945341
245 1 0 _aEnsayo sobre el catolicismo, el liberalismo y el socialismo /
_cJuan Donoso Cortés ; introducción de Juan Olabarría.
260 _aMadrid :
_bBiblioteca Nueva,
_c[2007]
300 _a255 p. ;
_c21 cm.
490 1 _aClásicos del pensamiento ;
_v53
500 _aCronología.
504 _aBibliografía: p. 47-48.
610 2 4 _aIglesia Católica-
_xDoctrina social
_94642
650 7 _aLiberalismo
_2embne
_914386
650 7 _aSocialismo y cristianismo
_2embne
_9140738
700 1 _aOlabarría, Juan.
_9146733
830 1 0 _aClásicos del pensamiento
_v53
_9177261
852 _aES-MaACL
_9185217
_bR.145736
_jA-11243
_cDEPO1
_dOlim: N-4247
942 _2udc
_cMONOGRAFIA
999 _c178358
_d178358